| 000 | 01190nam a22003497a 4500 | ||
|---|---|---|---|
| 003 | CHAP | ||
| 005 | 20220329134008.0 | ||
| 008 | 971013s1969 r 00010 d | ||
| 010 | _a13797 | ||
| 011 | _a14769 | ||
| 035 | _a18843 | ||
| 040 | _cCHAP | ||
| 090 | _aTesis | ||
| 100 | 0 | 0 |
_aGonzález Díaz, Héctor. _948852 |
| 245 | _aEfecto del cultivo del algodón en algunas características físicas y químicas importantes de los suelos serie Ixtán-Arcilla | ||
| 260 |
_aGuatemala ; El autor, _c1969 |
||
| 300 |
_a73 p. _b: ilus. ; mapas |
||
| 502 | _aTesis (Ing. Agrónomo) -- Universidad de San Carlos de Guatemala. Facultad de Agronomía | ||
| 590 |
_aALEPH _b10 _c20130110 _lUCH01 _h1234 |
||
| 590 |
_aBATCH-UPD _b10 _c20130110 _lUCH01 _h1526 |
||
| 590 |
_aBATCH-UPD _b10 _c20130410 _lUCH01 _h0935 |
||
| 590 |
_aBATCH-UPD _b10 _c20130914 _lUCH01 _h1315 |
||
| 590 |
_aCONVERSION _b10 _c20130109 _lUCH01 _h1309 |
||
| 650 | 1 | 4 |
_aAlgodon. _93959 |
| 650 | 1 | 4 |
_aErosión. _937335 |
| 650 | 1 | 4 |
_aSuelos y cultivos. _9110571 |
| 650 | 1 | 4 |
_aSuelos _xFísica de. _9110373 |
| 650 | 1 | 4 |
_aSuelos _xQuímica de. _9110470 |
| 901 | _aBK | ||
| 942 | _cTESIS | ||
| 949 |
_bBC _cTES _d-43797 _eTS1 _i18843 _si |
||
| 999 |
_c13797 _d13797 |
||